ბათუმის შოთა რუსთაველის სახელმწიფო უნივერსიტეტის ბიბლიოთეკა

ჯერადი ინტერვალები. მწკრივები. კომპლექსური ცვლადის ფუნკციები (ბიბ.ჩანაწერი № 36578)

000 -LEADER
fixed length control field 00580nam a2200169Ia 4500
001 - CONTROL NUMBER
control field 2497
003 - CONTROL NUMBER IDENTIFIER
control field GE_BSU
008 - FIXED-LENGTH DATA ELEMENTS--GENERAL INFORMATION
fixed length control field 181216s||||||||xx |||||||||||||| ||und||
040 ## - CATALOGING SOURCE
Transcribing agency GE_BSU
080 ## - UNIVERSAL DECIMAL CLASSIFICATION NUMBER
Universal Decimal Classification number 510(075.8)
245 ## - TITLE STATEMENT
Title ჯერადი ინტერვალები. მწკრივები. კომპლექსური ცვლადის ფუნკციები
260 ## - PUBLICATION, DISTRIBUTION, ETC.
Place of publication, distribution, etc. თბილისი
260 ## - PUBLICATION, DISTRIBUTION, ETC.
Date of publication, distribution, etc. 1992
300 ## - PHYSICAL DESCRIPTION
Extent 664გვ.
653 ## - INDEX TERM--UNCONTROLLED
Uncontrolled term ჯერადი ინტერვალები. მწკრივები
942 ## - ADDED ENTRY ELEMENTS (KOHA)
Koha item type წიგნი

არაა ხელმისაწვდომი ეგზემპლარები.